000 01035cam a22001694a 4500
005 20250605163654.0
008 250528s ||||||||||||||||||||||||d
035 _a24015
040 _aGR-AtMCL
_bgre
_dGR-AtMCL
_eAACR2
245 1 _aSupply Chain and Logistics / Το Περιοδικό για την Εφοδιαστική Αλυσίδα
260 _bParametros Group
_bScl Magazine,
_c2017
300 _a80
520 _aIt in Supply Chains: Η Τεχνολογία στην Υπηρεσία της Εφοδιαστικής Αλυσίδας, Η Εφοδιαστική Αλυσίδα μπορεί να Δημιουργήσει Ένα Συνολικό Ελληνικό Brand Name, Όμιλος Goldfair: Όραμα για Ολοκληρωμένες Υπηρεσίες Μεταφορών στην Ελλάδα, Cargo Trunk and Van News: Το Επαγγελματικό Όχημα είναι Εδώ, Fiat Professional Fullback: Αλλάζει τα Δεδομένα.
942 _cCR
999 _c8918
_d8918